000 00624nam a22002057a 4500
005 20251108170915.0
008 250721s1983 xx 000 0 ara d
082 1 4 _aط/551.46/سان
100 1 _aساندرسن، دنس
245 1 0 _aأسرار البحار /
264 1 _aبيروت :
_bمكتبة لبنان،
_c1983.
300 _a50ص
490 0 _aسلسلة حافظوا على البيئة
650 1 7 _aالبحار
650 1 7 _aالحيوانات البحرية
653 _aناشئون صغار (10-14) سنة
700 1 _aمطلق، ألبير
_eترجمة
942 _2ddc
_cBK
999 _c51813
_d51813